| 000 | 01160cam a2200277 4500 | ||
|---|---|---|---|
| 001 | J4045 | ||
| 008 | 090401t1996 xxu||||| |||| 00| 0 eng d | ||
| 020 | _a1900491338 | ||
| 035 | _a(Sirsi) u58039 | ||
| 041 | _aeng | ||
| 050 | _a658.5620285 | ||
| 110 |
_aConstruct IT Centre of Excellence _93566 |
||
| 245 | _aBriefing and design. | ||
| 260 |
_aSalford _bConstruct IT Centre of Excellence _c1996 |
||
| 300 | _a69p. ; 30cm. | ||
| 350 | _a65 | ||
| 490 | _aBenchmarking Best Practice IT Reports | ||
| 520 | _aThe Construct IT Centre of Excellence is an industry-led initiative that has been set up to co-ordinate and promote research in IT in construction to improve competitive performance of the UK construction industry. Presents the results of a benchmarking study involving 15 organisations (4 client-led, 11 designer-led) looking into the use of IT in the briefing and design process. | ||
| 650 | _aBENCHMARKING | ||
| 650 | _aBRIEFING PROCESS | ||
| 650 | _aDESIGN | ||
| 650 | _aMANAGEMENT-BUSINESS MANAGEMENT-INFORMATION MANAGEMENT | ||
| 690 | _aMANAGEMENT-BUSINESS MANAGEMENT-INFORMATION MANAGEMENT | ||
| 942 | _n0 | ||
| 948 | _c04/03/1997 | ||
| 999 |
_c94015 _d94015 |
||